Charles and Diana : portrait of a marriage

Bibliographic Details
Main Author: Junor, Penny
Format: Book
Published: London : Headline Book Publishing , 1991
Subjects:

MARC

LEADER 00000cam a2200000 7i4500
001 0000004273
002 000004592
005 20081217.0
020 |a 0747203504 
090 0 0 |a 941.0850922   |b JUN 
100 1 |a Junor, Penny 
245 0 0 |a Charles and Diana :   |b portrait of a marriage   |c Penny Jounor 
260 |a London :   |b Headline Book Publishing ,   |c 1991 
300 |a 181p. :   |b ill. ;   |c 25cm. 
651 0 |a Great Britain   |x Charles Prince of Wales, interpersonal relationships with Diana,Pricess of Wales 
999 |a 030270   |b BUKU   |c RUJUKAN   |e PERPUSTAKAAN KOMUNITI PETALING JAYA